حرب آل بوش : أسرار النزاع التي لا يمكن الإعتراف بها : (Record no. 78674)
[ view plain ]
| 000 -LEADER | |
|---|---|
| fixed length control field | 00714nam a22001937a 4500 |
| 005 - DATE AND TIME OF LATEST TRANSACTION | |
| control field | 20251108172419.0 |
| 008 - FIXED-LENGTH DATA ELEMENTS--GENERAL INFORMATION | |
| fixed length control field | 250721s2003 xx 000 0 ara d |
| 082 14 - DEWEY DECIMAL CLASSIFICATION NUMBER | |
| Classification number | 327.973/لور |
| 100 1# - MAIN ENTRY--PERSONAL NAME | |
| Personal name | لوران، أربك |
| 245 10 - TITLE STATEMENT | |
| Title | حرب آل بوش : أسرار النزاع التي لا يمكن الإعتراف بها : |
| Remainder of title | أسرار النزاع التي لا يمكن الإعتراف فيها / |
| 264 1# - PRODUCTION, PUBLICATION, DISTRIBUTION, MANUFACTURE, AND COPYRIGHT NOTICE | |
| Place of production, publication, distribution, manufacture | بيروت : |
| Name of producer, publisher, distributor, manufacturer | دار الخيال، |
| Date of production, publication, distribution, manufacture, or copyright notice | 2003. |
| 300 ## - PHYSICAL DESCRIPTION | |
| Extent | 230ص |
| 650 17 - SUBJECT ADDED ENTRY--TOPICAL TERM | |
| Topical term or geographic name as entry element | السياسة الدولية |
| 650 17 - SUBJECT ADDED ENTRY--TOPICAL TERM | |
| Topical term or geographic name as entry element | العلاقات الدولية |
| 650 17 - SUBJECT ADDED ENTRY--TOPICAL TERM | |
| Topical term or geographic name as entry element | البلدان العربية |
| 700 1# - ADDED ENTRY--PERSONAL NAME | |
| Personal name | حرفوش، سلمان |
| Relator term | ترجمة |
| 942 ## - ADDED ENTRY ELEMENTS (KOHA) | |
| Source of classification or shelving scheme | Dewey Decimal Classification |
| Koha item type | Books |
| حالة السحب | حالة الفقدان | مصدر التصنيف | حالة التلف | غير قابل للإعارة | المكتبة الرئيسية | المكتبة الحالية | موقع الرف | تاريخ التزويد | الرقم المتسلسل | Total Checkouts | رقم الإستدعاء | تاريخ آخر ظهور | تاريخ الفاتورة | نوع المادة (كوها) | الباركود |
|---|---|---|---|---|---|---|---|---|---|---|---|---|---|---|---|
| Dewey Decimal Classification | Unchecked | مكتبة أبو علندا العامة | مكتبة أبو علندا العامة | الإعارة | 28/07/2025 | 632016 | 327.973/لور | 28/07/2025 | 28/07/2025 | Books | |||||
| Dewey Decimal Classification | مكتبة أم قصير والمقابلين العامة | مكتبة أم قصير والمقابلين العامة | الإعارة | 28/07/2025 | 632015 | 327.973/لور | 28/07/2025 | 28/07/2025 | Books | 632015 | |||||
| Dewey Decimal Classification | Unchecked | مكتبة الجويدة | مكتبة الجويدة | الإعارة | 28/07/2025 | 632011 | 327.973/لور | 28/07/2025 | 28/07/2025 | Books | |||||
| Dewey Decimal Classification | مكتبة الحسن العامة | مكتبة الحسن العامة | الإعارة | 28/07/2025 | 632012 | 327.973/لور | 28/07/2025 | 28/07/2025 | Books | 632012 | |||||
| Dewey Decimal Classification | مكتبة النصر العامة | مكتبة النصر العامة | الإعارة | 28/07/2025 | 632018 | 327.973/لور | 28/07/2025 | 28/07/2025 | Books | 632018 | |||||
| Dewey Decimal Classification | مكتبة حمزة العامة | مكتبة حمزة العامة | الإعارة | 01/02/2016 | 632013 | 327.973/لور | 28/07/2025 | 01/02/2016 | Books | PLD00371050 | |||||
| Dewey Decimal Classification | Unchecked | مكتبة صويلح العامة | مكتبة صويلح العامة | الإعارة | 06/07/2004 | 632008 | 327.973/لور | 28/07/2025 | 06/07/2004 | Books | |||||
| Dewey Decimal Classification | مكتبة وادي السير العامة | مكتبة وادي السير العامة | الإعارة | 06/07/2004 | 632017 | 327.973/لور | 28/07/2025 | 06/07/2004 | Books | 632017 |